| 000 | 01040nam a2200289Ma 4500 | ||
|---|---|---|---|
| 001 | ocn718672262 | ||
| 003 | TZ-ArACH | ||
| 005 | 20120309083536.0 | ||
| 008 | 990212s2005 fr 100 0 fre d | ||
| 035 | _a(OCoLC)718672262 | ||
| 040 |
_aRERO iftfla _bfre _cTZ-ArACH |
||
| 041 | _aEng | ||
| 049 | _aTZAA | ||
| 050 |
_aKJV5138 _b.D53 |
||
| 245 | 0 | 0 |
_aDialogue between judges (2005) / _c[éd.:] European Court of Human Rights ; [mise en pages: Josette Tanner]. |
| 246 | 3 | _aDialogue entre juges 2005 | |
| 260 |
_aStrasbourg : _bEuropean Court of Human Rights, _c2005. |
||
| 300 |
_a130 p. : _bill. ; _c24 cm. |
||
| 500 | _aOther title: Dialogue entre juges 2005. | ||
| 610 |
_aEuropean Court of Human Rights _94820 |
||
| 650 | 7 |
_aHuman rights _xEurope _94816 |
|
| 650 | 7 |
_aCivil prodcedure _94817 _zEurope |
|
| 700 | 1 |
_aTanner, Josette. _94818 |
|
| 710 | 2 |
_aEuropean Court of Human Rights _94819 |
|
| 942 |
_2lcc _cBOOK |
||
| 999 |
_c1614 _d1614 |
||